000 00591nam a2200157 i 4500
001 52368
003 ES-MaACL
005 20250929063117.0
007 t|
008 030828s1908 sp ||||1| spa d
100 1 _aChaves, Manuel,
_d1870-1914
_938263
245 1 0 _aTrabajos leídos en la sesión solemne celebrada por la Real Academia Sevillana de Buenas Letras el día 2 de mayo de 1908 para conmemorar el primer centenario de la guerra de la independencia /
_cManuel Chaves.
260 _aSevilla :
_b[s.n.],
_c1908.
852 _aES-MaACL
_jT-1221-F-12
999 _c52368
_d52368